000 00610nam a2200241 i 4500
001 C2-0114513
003 PPAK
005 20180727104727.0
008 970710s1964 enk |||| ||||| | eng d
020 _a0749399007
040 _aPPAK
_beng
_cPPAK
_erda
082 0 4 _a823
_223
090 0 0 _a823
_bISH
_dG
100 1 _aIsherwood, Christopher,
_eauthor
245 1 2 _aA single man
264 1 _aLondon :
_bMinerva ,
_c1964
300 _a157 pages ;
_c20 cm
336 _2rdacontent
_atext
337 _2rdamedia
_aunmediated
338 _2rdacarrier
_avolume
650 1 0 _aEnglish fiction
942 _ddc
_cB
999 _c29288
_d29288